00812nam a22002177a 4500003001100000005001700011008004100028040003900069041000800108082001500116110002900131245015100160260004800311300002500359490002400384650002100408650005300429942000700482952009000489999001500579LK-CoMWRAF20240527094047.0240527b2009 |||||||| |||| 00| 0 eng d aLK-CoMWRAFdLK-CoMWRAFeLK-CoMWRAF aeng a321.4bFRI aFriedrich-Ebert-Stiftung aFor freedom and social justice:bSocial democratic political platforms and practical politics since the middle of the 19th century- an exhibition  a[Colombo]:bFriedrich-Ebert-Stiftung,c2009 a[unnumbered pg.],ill aFES publicationv76 aSOCIAL DEMOCRACY aSocial democratic programmes-Germany-Exhibitions cBK 00104070aMAINbMAINd2024-05-27l0o321.4 FRIpRAF5253r2024-05-27w2024-05-27yBK c4892d4892